[Event "13th Rubinstein Memorial"]
[Site "Polanica Zdroj POL"]
[Date "1975.08.08"]
[Round "2"]
[White "Rodriguez, Ruben"]
[Black "Knaak, Rainer"]
[WhiteElo "2410"]
[BlackElo "2510"]
[Result "0-1"]
[EventDate "1975.08.07"]
[PlyCount "82"]
1. e4 c5 2. Nf3 e6 3. d4 cxd4 4. Nxd4 Nf6 5. Nc3 d6 6. Be3 Be7 7. f4 O-O 8. Be2 Nc6 9. O-O e5 10. Nb3 exf4 11. Rxf4 Be6 12. Nd5 Ne5 13. Qd4 Rc8 14. c4 Nfg4 15. Nxe7+ Qxe7 16. Bd2 Nc6 17. Qc3 Nge5 18. Rc1 Nxc4 19. Bxc4 Ne5 20. Qg3 Rxc4 21. Rxc4 Bxc4 22. Nd4 Ng6 23. Rg4 Qf6 24. Qf2 Qxf2+ 25. Kxf2 Bxa2 26. Bb4 Rd8 27. Nb5 Bb1 28. Ke3 Ne5 29. Rg3 a6 30. Nd4 Nc4+ 31. Kf2 Bxe4 32. b3 Ne5 33. Bc3 Rc8 34. Bd2 h5 35. h3 h4 36. Re3 Bg6 37. Kg1 f6 38. Be1 Rc1 39. Kh2 Rd1 40. Ne6 Bf7 41. Nd8 Bd5 0-1

[Event "13th Rubinstein Memorial"]
[Site "Polanica Zdroj POL"]
[Date "1975.08.09"]
[Round "3"]
[White "Knaak, Rainer"]
[Black "Schmidt, Wlodzimierz"]
[WhiteElo "2510"]
[BlackElo "2465"]
[Result "0-1"]
[EventDate "1975.08.07"]
[PlyCount "142"]
1. d4 Nf6 2. c4 g6 3. Nc3 Bg7 4. e4 d6 5. Be2 O-O 6. Nf3 e5 7. O-O Nc6 8. d5 Ne7 9. Ne1 Nd7 10. f3 f5 11. g4 Nf6 12. Ng2 c6 13. Be3 cxd5 14. cxd5 Bd7 15. Rc1 Qa5 16. h3 b5 17. a3 b4 18. axb4 Qxb4 19. Qd3 a5 20. Na2 Qb7 21. b3 Rfc8 22. Rb1 Rab8 23. b4 Bb5 24. Qxb5 Qxb5 25. Bxb5 Rxb5 26. g5 Nh5 27. bxa5 Rxa5 28. Rf2 fxe4 29. fxe4 Ng3 30. Rb4 Rca8 31. Nc3 Ra1+ 32. Kh2 Nf1+ 33. Rxf1 Rxf1 34. Rb7 Rf7 35. Rb6 Nc8 36. Rc6 Rb8 37. Nd1 Bf8 38. Nf2 Na7 39. Rc4 Nb5 40. Ng4 Rc7 41. Rb4 Bg7 42. Nf2 Rbb7 43. Ra4 Rc8 44. Ra6 Bf8 45. Ne1 Nc3 46. Nf3 Kf7 47. Kg2 Be7 48. Nd2 Ke8 49. h4 Kd7 50. Ra3 Bd8 51. Ra6 Nb1 52. Nf1 Rb3 53. Ra7+ Rc7 54. Ra8 Rcb7 55. Ng4 Ra3 56. Rxa3 Nxa3 57. Ng3 Rb2+ 58. Kf3 Nc4 59. Bc1 Rb3+ 60. Kg2 Ke8 61. Ne2 Kf7 62. Nh6+ Kg7 63. Ng4 Ba5 64. Ng1 Bd2 65. Bxd2 Nxd2 66. Nf6 Rb4 67. Ne8+ Kf8 68. Nxd6 Nxe4 69. Nc8 Nc3 70. d6 Ke8 71. Nf3 Rb2+ 0-1

[Event "13th Rubinstein Memorial"]
[Site "Polanica Zdroj POL"]
[Date "1975.08.13"]
[Round "6"]
[White "Kovacs, Laszlo"]
[Black "Kristiansen, Erling"]
[WhiteElo "2130"]
[BlackElo "2400"]
[Result "1-0"]
[EventDate "1975.08.07"]
[PlyCount "57"]
1. e4 e6 2. d4 d5 3. Nc3 Bb4 4. e5 c5 5. Bd2 cxd4 6. Nb5 Bxd2+ 7. Qxd2 Nc6 8. Nf3 Nge7 9. Nd6+ Kf8 10. Qf4 Nf5 11. Nxf5 exf5 12. O-O-O Qc7 13. Bb5 h6 14. h4 Be6 15. Bxc6 bxc6 16. Nxd4 g6 17. g4 Qd7 18. gxf5 gxf5 19. Qe3 Kg7 20. Ne2 c5 21. Rhg1+ Kf8 22. Qxc5+ Ke8 23. Nd4 Rc8 24. Qb4 Qc7 25. f4 Rb8 26. Qa4+ Bd7 27. Qa3 a5 28. Rg7 Rb4 29. Qg3 1-0

[Event "13th Rubinstein Memorial"]
[Site "Polanica Zdroj POL"]
[Date "1975.08.21"]
[Round "13"]
[White "Bielczyk, Jacek"]
[Black "Adamski, Jan"]
[WhiteElo "2375"]
[BlackElo "2415"]
[Result "1/2-1/2"]
[EventDate "1975.08.07"]
[PlyCount "94"]
1. e4 c5 2. Nf3 d6 3. Bb5+ Nd7 4. d4 cxd4 5. Qxd4 Ngf6 6. e5 dxe5 7. Nxe5 a6 8. Bxd7+ Nxd7 9. O-O Nxe5 10. Qxe5 f6 11. Qe2 e6 12. Nc3 Be7 13. Qh5+ g6 14. Qh6 Kf7 15. Be3 Bd7 16. Rad1 Qc7 17. Rfe1 Qc6 18. Rd2 Rad8 19. Red1 b5 20. a3 Bf8 21. Qh4 Be7 22. Ne4 h5 23. Nd6+ Kg7 24. Qe4 Qxe4 25. Nxe4 Bc8 26. Bc5 Rxd2 27. Rxd2 Re8 28. f3 Kf8 29. Kf2 Bxc5+ 30. Nxc5 Ke7 31. f4 a5 32. g3 Rg8 33. h4 g5 34. hxg5 fxg5 35. Kf3 Rf8 36. Ke3 Rf5 37. Nd3 Bb7 38. Rh2 g4 39. Ne5 Bd5 40. b3 Kd6 41. Kd4 Bc6 42. c4 bxc4 43. bxc4 Ba8 44. Nd3 Bc6 45. Ne5 Ba8 46. Nd3 Bc6 47. Ne5 Ba8 1/2-1/2

[Event "13th Rubinstein Memorial"]
[Site "Polanica Zdroj POL"]
[Date "1975.08.24"]
[Round "15"]
[White "Rodriguez, Ruben"]
[Black "Doda, Zbigniew"]
[WhiteElo "2410"]
[BlackElo "2390"]
[Result "1/2-1/2"]
[EventDate "1975.08.07"]
[PlyCount "70"]
1. e4 c5 2. Nf3 e6 3. d4 cxd4 4. Nxd4 Nc6 5. Nc3 a6 6. g3 d6 7. Bg2 Bd7 8. O-O Nf6 9. Re1 Be7 10. Nxc6 Bxc6 11. a4 Qc7 12. a5 b5 13. axb6 Qxb6 14. Ra3 O-O 15. Nd5 exd5 16. exd5 Nxd5 17. Bxd5 Bxd5 18. Qxd5 Bf6 19. Rd1 Rac8 20. c3 Rb8 21. Qa2 Ra8 22. Be3 Qc6 23. Ra5 Bd8 24. Rad5 Bc7 25. Qb1 Rfe8 26. Qd3 Re6 27. c4 Rae8 28. b4 g6 29. b5 Qb7 30. Qd4 axb5 31. cxb5 Bd8 32. b6 Bf6 33. Qd2 Be5 34. Rc1 R6e7 35. Rd1 h5 1/2-1/2